ბათუმის შოთა რუსთაველის სახელმწიფო უნივერსიტეტის ბიბლიოთეკა

იბერიულ-კავკასიური ენათმეცნიერება XXXVI. მასალები (ბიბ.ჩანაწერი № 51227)

000 -LEADER
fixed length control field 01240nam a2200265Ia 4500
001 - CONTROL NUMBER
control field 18187
003 - CONTROL NUMBER IDENTIFIER
control field GE_BSU
008 - FIXED-LENGTH DATA ELEMENTS--GENERAL INFORMATION
fixed length control field 181216s||||||||xx |||||||||||||| ||und||
020 ## - INTERNATIONAL STANDARD BOOK NUMBER
International Standard Book Number ISSN 1987-6572
040 ## - CATALOGING SOURCE
Transcribing agency GE_BSU
080 ## - UNIVERSAL DECIMAL CLASSIFICATION NUMBER
Universal Decimal Classification number 81''(063)
245 ## - TITLE STATEMENT
Title იბერიულ-კავკასიური ენათმეცნიერება XXXVI. მასალები
245 ## - TITLE STATEMENT
Remainder of title ეძღვნება აკად. არნოლდ ჩიქობავას დაბადების 110 წლისთავს
245 ## - TITLE STATEMENT
Statement of responsibility, etc. მთ.რედ. ვ. შენგელია
250 ## - EDITION STATEMENT
Edition statement არნოლდ ჩიქობავას ენათმეცნიერების ინ-ტი
260 ## - PUBLICATION, DISTRIBUTION, ETC.
Place of publication, distribution, etc. თბილისი
260 ## - PUBLICATION, DISTRIBUTION, ETC.
Name of publisher, distributor, etc. არნოლდ ჩიქობავას ენათმეცნიერების ინ-ტი
260 ## - PUBLICATION, DISTRIBUTION, ETC.
Date of publication, distribution, etc. 2008
300 ## - PHYSICAL DESCRIPTION
Extent 331გვ. ; 24სმ
300 ## - PHYSICAL DESCRIPTION
Accompanying material ბიბლიოგრ.ტექსტ.
520 ## - SUMMARY, ETC.
Summary, etc. პარალ. თავფურ. ინგლ. და რუს..
653 ## - INDEX TERM--UNCONTROLLED
Uncontrolled term იბერიულ-კავკასიური ენათმეცნიერება XXXVI
942 ## - ADDED ENTRY ELEMENTS (KOHA)
Koha item type წიგნი
ეგზემპლარები
Withdrawn status Lost status Damaged status Not for loan Date acquired Barcode Date last seen Price effective from Koha item type
        2018-12-17 46366 2018-12-17 2018-12-17 წიგნი